History Quiz

Random History or Clickable Quiz

Key Players of the Watergate Scandal Quiz Stats

 Plays Quiz Updated Oct 22, 2014

Challenge
Share
Tweet
Score 0/30 Timer 18:00
0 Plays Today
% Correct
Richard Nixon
95.6%
Gerald Ford
86.7%
Spiro Agnew
80.1%
David Frost
61.6%
Carl Bernstein
61.3%
Bob Woodward
58.5%
Rose Mary Woods
57.6%
Ben Stein
53.7%
Fred Thompson
47.5%
Ben Bradlee
45.5%
G. Gordon Liddy
44.9%
Robert Bork
41.6%
Mark Felt
41%
John Mitchell
39.3%
John Dean
38.5%
% Correct
H.R. Haldeman
38.2%
John Ehrlichman
36.1%
Sam Ervin
35.5%
John Sirica
32.8%
Archibald Cox
31.7%
Frank Wills
27.1%
Elliot Richardson
26.5%
Leon Jaworski
24.6%
E. Howard Hunt
22.4%
L. Patrick Gray
22.3%
Chuck Colson
22.2%
Alexander Butterfield
20.4%
Jeb Magruder
15.2%
James McCord
15.1%
Hugh Sloan
14.7%

You're not logged in!

Compare scores with friends on all Sporcle quizzes.
Join for Free
OR
Log In

You Might Also Like...

Show Comments

Extras

Top Quizzes Today


Score Distribution

Your Account Isn't Verified!

In order to create a playlist on Sporcle, you need to verify the email address you used during registration. Go to your Sporcle Settings to finish the process.

Report this User

Report this user for behavior that violates our Community Guidelines.

Details: